| 000 | 00465nam a22001817a 4500 | ||
|---|---|---|---|
| 003 | OSt | ||
| 005 | 20140310184505.0 | ||
| 008 | 121113t xxu||||| |||| 00| 0 eng d | ||
| 020 | _a0439217288 | ||
| 050 |
_aPZ 7 _b.W721 2001 |
||
| 245 |
_aThe mystery of the missing tiger / _cLaura E. Williams |
||
| 260 |
_aNew York : _bScholastic Inc., _c2001. |
||
| 300 |
_g19 cm. _a97 p. : |
||
| 521 | _aG6 | ||
| 526 | _c880 | ||
| 541 | _j1 | ||
| 942 |
_2lcc _cBK-SCHOLAS |
||
| 999 |
_c34834 _d34834 |
||